Egyszer már lecsillapodott, de most ismét izgul Kassai Csongor: "Van egy hosszú listám azokról az alkotásokról ..."

Bibliographic Details
Main Authors: Szabó, László G., 1955- (ain), Kassai, Csongor, 1972- (Author, uin)
Format: Article
Language:Hungarian
Subjects:

MARC

LEADER 00000nab a2200000 a 4500
001 vtls000755071
003 SK-MaSNL
005 20260319074324.0
008 160322c2001 xo 0 hun
015 |a SNBRB2001/03-13112 
035 |a CLN000106858 
040 |a SNKBUCL  |b slo  |c SNKBUCL  |e AACR2 
041 0 |a hun 
044 |a xo  |c SK 
080 |a 792.071.2  |2 UDC-MRF-SK2 
080 |a 791.44.071.2  |2 UDC-MRF-SK2 
080 |a 929 Kassai, Csongor  |2 UDC-MRF-SK2 
100 1 |a Szabó, László G.,  |d 1955-  |4 ain  |9 840019 
245 1 0 |a Egyszer már lecsillapodott, de most ismét izgul  |b Kassai Csongor: "Van egy hosszú listám azokról az alkotásokról ..."  |c [beszélgetett] Szabó G. László 
300 |b Fotogr. 
600 1 7 |a Kassai, Csongor,  |d 1972-  |2 snkbucl  |9 13553 
655 7 |a články z novín a časopisov  |2 snkbucl  |9 267496 
700 1 |a Kassai, Csongor,  |d 1972-  |4 aut  |4 uin  |9 13553 
773 0 |t Új szó  |g Roč. 54, č. 64 (17.3.2001), s. 19 
850 |a Slovenská národná knižnica v Martine 
852 |a SNK  |b KIS3GCP 
958 |a HU 
958 |a SK 
958 |a BX 
958 |a RBX 
999 |c 1439621  |d 1441551